NFL Players- College Teams HARD - Statistics

General Stats
  • This quiz has been taken 1,550 times
  • The average score is 13 of 30
Answer Stats
Hint Answer % Correct
JJ Watt Wisconsin
87%
Tony Gonzalez California
82%
Marshawn Lynch California
82%
Rob Gronkowski Arizona
81%
AJ Green Georgia
78%
Jamaal Charles Texas
70%
Reggie Wayne Miami
65%
LeSean McCoy Pittsburgh
60%
Brian Hartline Ohio State
56%
Fred Davis USC
54%
Stevan Ridley LSU
50%
Demaryius Thomas Georgia Tech
49%
Antonio Cromartie Florida State
46%
Jerod Mayo Tennessee
44%
Curtis Lofton Oklahoma
43%
Vernon Davis Maryland
42%
Darren Sproles Kansas State
41%
Brandon Marshall Central Florida
38%
Aldon Smith Missouri
36%
Eric Weddle Utah
34%
Victor Cruz Massachusetts
33%
Cameron Wake Penn State
33%
DeMarcus Ware Troy
29%
Josh Cribbs Kent State
21%
Alfred Morris Florida Atlantic
18%
Brent Celek Cincinnati
14%
Michael Turner Northern Illinois
14%
James Jones San Jose State
9%
Dominique Rodgers-Cromartie Tennessee State
8%
Robert Mathis Alabama A&M
7%
No matching quizzes found
Score Distribution
Percent of People with Each Score
Percentile by Number Answered
Your Score History
You have not taken this quiz